• 首页
  • 本馆介绍
  • 公告通知
  • 最新文献
  • 馆藏检索
  • 电子资源
  • 读者导购
  • 参考咨询
  • 我的图书馆
  • 登录
  • 详细信息显示
  • 放入我的书架
  • 预约/预借图书
  • 作者相关作品
  • 分类相关作品
  • 丛书相关作品
  • 出版社相关作品

书目信息

  • 表格格式
  • 工作单格式
  • 卡片格式
题名:
广西体坛新星
    
 
作者: 许宗强 采写 ;李栋 , 白硕彦 选编
分册:  
出版信息: 南宁   广西人民出版社  1983
页数: 217页
开本: 19cm
丛书名:
单 册:
中图分类: G812.767
科图分类:
主题词: 体育事业--广西
电子资源:
ISBN:
000 00703nam0 2200253 45
001 0183011255
005 20060811105706.09
010    @dCNY0.68
091    @aCN@b10113.237
100    @a19950114d1983 em y0chiy0121 ea
101 0  @achi
102    @aCN@b450000
105    @af 000yd
200 10 @a广西体坛新星@Aguang xi ti tan xin xing@f许宗强等采写@g白硕彦,李栋选编
210    @a南宁@c广西人民出版社@d1983
215    @a217页@c照片@d19cm
606    @a体育事业@y广西
690    @aG812.767@v3
701  0 @a许宗强@Axu zong qiang@4采写
702  0 @a李栋@Ali dong@4选编
702  0 @a白硕彦@Abai shuo yan@4选编
801  2 @aCN@bNLC@c20060811
801  0 @aCN@bTSSF
905    @a10447@dG812.767@e42
    
    广西体坛新星/许宗强等采写/白硕彦,李栋选编.-南宁:广西人民出版社,1983
    217页:照片;19cm
    
    
    ISBN :CNY0.68
    
●
相关链接 在E读中查询图书 在五车中查询图书 在当当中查询图书 在豆瓣中查询图书


正题名:广西体坛新星     索取号:G812.767/42         预约/预借

序号 登录号 条形码 馆藏地/架位号 状态 备注
1 0448687   204486877   密集书库/ [索取号:G812.767/42] 在馆    
唐山师范学院图书馆 欢迎您!
大连网信软件有限公司© 版权所有